History Quiz

Random History or Art Quiz

Painters' Signatures Quiz Stats

 Plays Quiz Updated Nov 17, 2018

     
Support Sporcle.
Go Orange.
Score 0/16 Timer 02:00
0 Plays Today
% Correct
Pablo Picasso
99.3%
Vincent Van Gogh
98.9%
Claude Monet
95.9%
Sandro Botticelli
95.9%
Édouard Manet
94.9%
Edgar Degas
94.7%
Pierre-Auguste Renoir
92.1%
Henri Matisse
91.5%
% Correct
Paul Cézanne
90.1%
René Magritte
89.4%
Jackson Pollock
89.4%
Edvard Munch
84.5%
Edward Hopper
84%
Andy Warhol
78%
Leonardo da Vinci
66.1%
James Abbott McNeill Whistler
62.6%

From the Vault

Jenny's Phone Number

by Rotom_493

Music 30s
Why not just look up Jenny on Facebook?
Remove Ads.
Support Sporcle.
Get the best of Sporcle when you Go Orange. This ad-free experience offers more features, more stats, and more fun while also helping to support Sporcle. Thank you for becoming a member.

Show Comments

Extras

Top Quizzes Today


Score Distribution

Your Account Isn't Verified!

In order to create a playlist on Sporcle, you need to verify the email address you used during registration. Go to your Sporcle Settings to finish the process.

Report this User

Report this user for behavior that violates our Community Guidelines.

Details: